Tous les Joueurs Français valorisés à plus de 40M€ - Statistiques

Statistiques générales
  • Ce quiz a été pris 145 fois
  • Le résultat moyen est 18 sur 23
Statistiques - réponses
Prix Club Joueur % Correct
180M Real Madrid Kylian Mbappé
100%
100M Real Madrid Aurélien Tchouaméni
98%
100M Real Madrid Eduardo Camavinga
97%
65M Inter Milan Marcus Thuram
94%
80M Arsenal FC William Saliba
94%
60M Paris Saint-Germain Ousmane Dembélé
92%
60M AC Milan Theo Hernández
91%
65M Chelsea FC Christopher Nkunku
88%
45M Liverpool FC Ibrahima Konaté
84%
45M FC Barcelone Jules Koundé
82%
60M Paris Saint-Germain Warren Zaïre-Emery
81%
50M Inter Milan Benjamin Pavard
80%
50M Paris Saint-Germain Bradley Barcola
78%
50M Bayern Munich Kingsley Coman
78%
55M Bayern Munich Michael Olise
76%
45M Bayern Munich Dayot Upamecano
69%
45M Paris Saint-Germain Randal Kolo Muani
69%
55M Al-Ittihad Moussa Diaby
67%
50M Manchester United Leny Yoro
61%
40M Chelsea FC Axel Disasi
60%
40M Paris Saint-Germain Lucas Hernández
59%
40M Bayern Munich Mathys Tel
50%
40M RB Leipzig Castello Lukeba
39%
Aucun quiz correspondant
Distribution des résultats
% des personnes avec chaque résultat
Percentile par nombre de réponses
Votre historique - résultats
Vous n’avez pas pris ce quiz